| 000 | 00430nam a22001457a 4500 | ||
|---|---|---|---|
| 003 | MACL | ||
| 005 | 20181205152405.0 | ||
| 008 | 181205b xxu||||| |||| 00| 0 eng d | ||
| 040 | _cMACL | ||
| 100 |
_aजयरामन, डा पी. _973306 |
||
| 245 | _aश्री चिन्मय काव्य | ||
| 260 |
_aदिल्ली _bवाक् _c2016 |
||
| 650 |
_aकविता _973307 |
||
| 942 |
_2ddc _cHIN |
||
| 999 |
_c58645 _d58645 |
||